000 01487nam2a22002411 4500
001 v19\rc\1544795
005 20250618182446.0
035 _a(NLR Aleph) 004661692
090 _a3558940
_c3558940
100 _a20060620d1881 |||y0rusy50 ca
101 0 _arus
102 _aRU
105 _ay z |||||
200 0 _a... на 1880-1881 год
210 _d1881
_aБ. м.
215 _a96 с.
461 0 _1001v19\rc\1544794
_12001#$aСистематический каталог военным книгам и одобренным Главным комитетом по устройству и образованию войск к обращению в войсках для первоначального образования и развития нижних чинов...$v... на 1880-1881 год
_93558931
_aРоссия. Главный комитет по устройству и образованию войск
_cСанкт-Петербург
_d1881
_tСистематический каталог военным книгам и одобренным Главным комитетом по устройству и образованию войск к обращению в войсках для первоначального образования и развития нижних чинов...
_v... на 1880-1881 год
801 0 _aRU
_bNLR
_gpsbo
801 0 _aRU
_bRuMoRGB
_2psbo
801 1 _aRU
_bProSoft-M
_2rusmarc
852 _aNLR
_j18.142.1.185
942 _cBOOK
980 _aNB